Word chain (movie actresses) - Statistics

General Stats
  • This quiz has been taken 155 times
  • The average score is 12 of 26
Answer Stats
Hint Answer % Correct
Gravity, Miss Congeniality Sandra Bullock
83%
Moulin rouge, Eyes wide shut Nicole Kidman
82%
Million dollar baby, Boys don't cry Hilary Swank
77%
Rocky horror picture show, Thelma & Louise Susan Sarandon
71%
Bridget Jones Renée Zellweger
68%
Spiderman, Marie Antoinette Kirsten Dunst
65%
Cabaret Liza Minnelli
62%
Notorious, Casablanca Ingrid Bergman
60%
Norma Rae, Mrs Doubtfire Sally Field
60%
All about Eve Bette Davis
56%
Knocked up, Grey's anatomy Katherine Heigl
55%
West side story Natalie Wood
48%
Casino Royal, Penny Dreadful, Miss Peregrine Eva Green
47%
Desperate housewives Eva Longoria
47%
Four weddings and a funeral, Short cuts Andie MacDowell
44%
Princess bride, House of cards Robin Wright
41%
Mulholland drive Naomi Watts
40%
The man who knew too much, Pillow talk Doris Day
33%
Muriel's wedding, The sixth sense Toni Collette
33%
Gone with the wind, The heiress Olivia de Havilland
31%
Gilda, The lady from Shanghai Rita Hayworth
29%
Singin' in the rain Debbie Reynolds
27%
Inglorious Basterds, Troy Diane Kruger
27%
Orange is the new black, American pie, Everyone says I love you Natasha Lyonne
15%
The last seduction, Men in black Linda Fiorentino
12%
Rear window, Pillow talk Thelma Ritter
11%
No matching quizzes found
Score Distribution
Percent of People with Each Score
Percentile by Number Answered
Your Score History
You have not taken this quiz